| 000 | 00384nam a2200157Ia 4500 | ||
|---|---|---|---|
| 008 | 230524s9999 xx 000 0 und d | ||
| 082 |
_a621.3829 _bRAJ |
||
| 100 | _aR.K.Rajput | ||
| 245 | 0 | _aHeat and Mass Transfer in SI Units | |
| 250 | _a3RD | ||
| 260 |
_aNEW DELHI _bS.Chand _c2007 |
||
| 300 | _aXIV;628 | ||
| 500 | _aQuantity Number: 87 | ||
| 650 | _aElectrical | ||
| 942 | _cBK | ||
| 999 |
_c36094 _d36094 |
||